00476nam a2200157Ia 4500003000900000008004100009040001600050080001300066100001900079245005800098260004800156300001400204490003600218650004100254650002300295IN-BaIIA211028s9999 xx 000 0 eng d cIIA Library a535bBUC aBuchdahl, H. A 3aAn Introduction to hamiltonian opticscH. A. Buchdahl aCambridgebCambridge University Pressc1970 axv, 360p. aCambridge monographs on physics aAstronomy and astrophysics thesaurus aHamiltonian optics